[Event "CHN-ch sf (Women)"]
[Site "Hefei"]
[Date "2023.04.24"]
[Round "4"]
[White "Xue, Yue"]
[Black "Li, Peishan"]
[Result "1-0"]
[WhiteElo "1653"]
[BlackElo "1204"]
[PlyCount "61"]
[EventDate "2023.04.23"]
[EventType "swiss"]
[EventRounds "11"]
[EventCountry "CHN"]
[SourceTitle "CBM 214 Extra"]
[Source "ChessBase"]
[SourceDate "2023.07.31"]
[SourceVersion "1"]
[SourceVersionDate "2023.07.31"]
[SourceQuality "1"]

1. e4 c5 2. Nf3 e6 3. c3 d5 4. exd5 exd5 5. d4 cxd4 6. cxd4 Nf6 7. Bd3 Be7 8. h3 0-0 9. 0-0 h6 10. Nc3 Nc6 11. Be3 Be6 12. Rc1 Kh8 13. Qd2 Qd7 14. Ne5 Nxe5 15. dxe5 d4 16. Bxh6 Nh7 17. Nb5 a6 18. Nc7 gxh6 19. Nxa8 Rxa8 20. Qxh6 Bf5 21. Rc7 Bg5 22. Rxd7 Bxd3 23. Qd6 Bxf1 24. Kxf1 Rc8 25. g3 Nf8 26. Rxf7 Kg8 27. Rxf8+ Rxf8 28. Qg6+ Kh8 29. Qxg5 d3 30. e6 Kh7 31. e7 1-0

[Event "CHN-chB (Women)"]
[Site "Hangzhou"]
[Date "2019.07.05"]
[Round "8"]
[White "Yuan, Ye"]
[Black "Xue, Yue"]
[Result "1-0"]
[WhiteElo "2125"]
[BlackElo "1671"]
[PlyCount "54"]
[EventDate "2019.07.02"]
[EventType "swiss"]
[EventRounds "11"]
[EventCountry "CHN"]
[SourceTitle "CBM 191 Extra"]
[Source "ChessBase"]
[SourceDate "2019.09.30"]
[SourceVersion "1"]
[SourceVersionDate "2019.09.30"]
[SourceQuality "1"]

1. d4 Nf6 2. c4 g6 3. Nc3 d5 4. cxd5 Nxd5 5. e4 Nxc3 6. bxc3 Bg7 7. Nf3 c5 8. Rb1 Nc6 9. d5 Bxc3+ 10. Bd2 Bxd2+ 11. Qxd2 Nd4 12. Nxd4 cxd4 13. Bb5+ Bd7 14. Qxd4 0-0 15. 0-0 Bxb5 16. Rxb5 Qd7 17. Rb3 Rfd8 18. Rd1 b6 19. Rh3 Rac8 20. Qd2 Qa4 21. Re1 Qa5 22. Qe3 e6 23. Rf1 exd5 24. Qh6 dxe4 25. Qxh7+ Kf8 26. Qh8+ Ke7 27. Qh4+ Kf8 1-0

[Event "CHN-chB (Women)"]
[Site "Hangzhou"]
[Date "2019.07.03"]
[Round "4"]
[White "Xu, Yuze"]
[Black "Xue, Yue"]
[Result "1/2-1/2"]
[WhiteElo "2083"]
[BlackElo "1671"]
[PlyCount "65"]
[EventDate "2019.07.02"]
[EventType "swiss"]
[EventRounds "11"]
[EventCountry "CHN"]
[SourceTitle "CBM 191 Extra"]
[Source "ChessBase"]
[SourceDate "2019.09.30"]
[SourceVersion "1"]
[SourceVersionDate "2019.09.30"]
[SourceQuality "1"]

1. e4 c5 2. c3 Nf6 3. e5 Nd5 4. d4 cxd4 5. Nf3 Nc6 6. cxd4 d6 7. Bc4 Nb6 8. Bb5 dxe5 9. Nxe5 Bd7 10. Nxd7 Qxd7 11. Nc3 e6 12. 0-0 Be7 13. Qg4 0-0 14. Bh6 Qxd4 15. Qg3 Qf6 16. Be3 Rac8 17. Rfd1 Rfd8 18. Rxd8+ Bxd8 19. Rd1 Bc7 20. f4 Rd8 21. Rxd8+ Qxd8 22. Qf3 Qd6 23. g3 a6 24. Ne4 Qd5 25. Be2 Qxa2 26. Nc5 Qxb2 27. Bxa6 Nd5 28. Bxb7 Qb1+ 29. Kg2 Qc2+ 30. Kh3 Nxe3 31. Qxe3 Bb6 32. Bxc6 Bxc5 33. Qe5 1/2-1/2

[Event "CHN-chB (Women)"]
[Site "Hangzhou"]
[Date "2019.07.02"]
[Round "2"]
[White "Xue, Yue"]
[Black "Hu, Yu A"]
[Result "0-1"]
[WhiteElo "1671"]
[BlackElo "2095"]
[PlyCount "60"]
[EventDate "2019.07.02"]
[EventType "swiss"]
[EventRounds "11"]
[EventCountry "CHN"]
[SourceTitle "CBM 191 Extra"]
[Source "ChessBase"]
[SourceDate "2019.09.30"]
[SourceVersion "1"]
[SourceVersionDate "2019.09.30"]
[SourceQuality "1"]

1. e4 c5 2. Nf3 d6 3. d4 cxd4 4. Nxd4 Nf6 5. Nc3 a6 6. f4 e5 7. Nf3 Nbd7 8. Bd3 Be7 9. 0-0 0-0 10. Kh1 b5 11. a3 Bb7 12. Qe1 Re8 13. Bd2 Nc5 14. fxe5 dxe5 15. Qe2 Qc7 16. Rad1 Rad8 17. Bg5 Ne6 18. Be3 Bc6 19. Qe1 Bc5 20. Nh4 Bxe3 21. Qxe3 Nf4 22. Nf5 Qb7 23. Rde1 a5 24. Qc5 b4 25. Bb5 Bxb5 26. Qxb5 Qxb5 27. Nxb5 Rd2 28. g3 Nh3 29. axb4 axb4 30. Nbd6 Ng4 0-1

[Event "Zibo zt 3.5 (Women)"]
[Site "Zibo"]
[Date "2017.08.14"]
[Round "11"]
[White "Xue, Yue"]
[Black "Zhang, Jing B"]
[Result "1/2-1/2"]
[WhiteElo "1684"]
[BlackElo "1553"]
[PlyCount "46"]
[EventDate "2017.08.07"]
[EventType "swiss"]
[EventRounds "11"]
[EventCountry "CHN"]
[SourceTitle "CBM 179 Extra"]
[Source "ChessBase"]
[SourceDate "2017.08.23"]
[SourceVersion "1"]
[SourceVersionDate "2017.08.23"]
[SourceQuality "1"]

1. e4 c5 2. Nf3 d6 3. d4 cxd4 4. Nxd4 Nf6 5. Nc3 g6 6. Be3 Bg7 7. f3 0-0 8. Qd2 Nc6 9. Bc4 Bd7 10. 0-0-0 Rc8 11. Bb3 a6 12. h4 h5 13. g4 Ne5 14. Bh6 Nc4 15. Bxc4 Rxc4 16. Bxg7 Kxg7 17. gxh5 Nxh5 18. Nf5+ Bxf5 19. exf5 Rf4 20. fxg6 fxg6 21. Rdg1 e5 22. Qg2 Qe8 23. Rf1 Qf7 1/2-1/2

[Event "Zibo zt 3.5 (Women)"]
[Site "Zibo"]
[Date "2017.08.12"]
[Round "9"]
[White "Wang, Shunshun"]
[Black "Xue, Yue"]
[Result "0-1"]
[WhiteElo "1437"]
[BlackElo "1684"]
[PlyCount "94"]
[EventDate "2017.08.07"]
[EventType "swiss"]
[EventRounds "11"]
[EventCountry "CHN"]
[SourceTitle "CBM 179 Extra"]
[Source "ChessBase"]
[SourceDate "2017.08.23"]
[SourceVersion "1"]
[SourceVersionDate "2017.08.23"]
[SourceQuality "1"]

1. c4 Nf6 2. Nf3 g6 3. g3 Bg7 4. Nc3 c6 5. Bg2 0-0 6. d4 d5 7. 0-0 dxc4 8. Ne5 Be6 9. e3 Nbd7 10. Nxd7 Qxd7 11. a4 Rac8 12. e4 Rfd8 13. Ne2 Bh3 14. e5 Nd5 15. Bd2 Bxg2 16. Kxg2 b5 17. b3 c5 18. Ba5 Qb7 19. Kg1 Nb6 20. axb5 cxd4 21. bxc4 Rxc4 22. Qd3 Rc5 23. f4 Qd7 24. Bxb6 axb6 25. Rab1 f6 26. exf6 Bxf6 27. Rfd1 Kg7 28. Rb4 Rd5 29. Rd2 Qd6 30. Rb3 Rc8 31. Rd1 Rc7 32. Rd2 Qc5 33. Rbb2 Qc4 34. Qxc4 Rxc4 35. Rd3 Kf7 36. Kf2 Ke6 37. g4 g5 38. Kf3 Kd6 39. Rbb3 Kc5 40. Ng3 Rb4 41. Ne4+ Kc4 42. Nd2+ Kxb5 43. Rxb4+ Kxb4 44. Rb3+ Kc5 45. Ne4+ Kc6 46. f5 h6 47. h4 Be5 0-1

[Event "Zibo zt 3.5 (Women)"]
[Site "Zibo"]
[Date "2017.08.09"]
[Round "4"]
[White "Xue, Yue"]
[Black "Li, Yunshan"]
[Result "0-1"]
[WhiteElo "1684"]
[BlackElo "2029"]
[PlyCount "62"]
[EventDate "2017.08.07"]
[EventType "swiss"]
[EventRounds "11"]
[EventCountry "CHN"]
[SourceTitle "CBM 179 Extra"]
[Source "ChessBase"]
[SourceDate "2017.08.23"]
[SourceVersion "1"]
[SourceVersionDate "2017.08.23"]
[SourceQuality "1"]

1. e4 c5 2. Nf3 e6 3. d4 cxd4 4. Nxd4 Nc6 5. Nc3 Qc7 6. Be2 a6 7. Be3 b5 8. Nxc6 Qxc6 9. Bf3 Bb7 10. 0-0 Qc7 11. a3 d6 12. Qd2 Nf6 13. Rad1 Be7 14. Bf4 Rd8 15. Qe2 Nd7 16. g3 0-0 17. Bg2 Nb6 18. Rd3 Nc4 19. Bc1 Bf6 20. Qe1 Rd7 21. f4 Rc8 22. Rff3 Nb6 23. g4 d5 24. e5 Be7 25. Rh3 d4 26. Bxb7 Qxb7 27. Ne2 Rxc2 28. Qd1 Qc6 29. b4 Rxe2 30. Qxe2 Qxc1+ 31. Rd1 Qxf4 0-1

[Event "Zhongshan zt 3.5 (Women)"]
[Site "Zhongshan"]
[Date "2015.07.07"]
[Round "8"]
[White "Xue, Yue"]
[Black "Ning, Kaiyu"]
[Result "1-0"]
[WhiteElo "1889"]
[BlackElo "1470"]
[PlyCount "81"]
[EventDate "2015.06.30"]
[EventType "swiss"]
[EventRounds "11"]
[EventCountry "CHN"]
[SourceTitle "CBM 167 Extra"]
[Source "ChessBase"]
[SourceDate "2015.09.14"]
[SourceVersion "1"]
[SourceVersionDate "2015.09.14"]
[SourceQuality "1"]

1. e4 e6 2. d4 d5 3. Nd2 Nc6 4. Ngf3 Nf6 5. e5 Nd7 6. c3 f6 7. exf6 Qxf6 8. Bb5 Bd6 9. 0-0 0-0 10. Nb3 h6 11. Be3 Ne7 12. Nc1 c6 13. Be2 g5 14. Nd3 Ng6 15. Qd2 b6 16. Rac1 Bb7 17. c4 dxc4 18. Rxc4 Rac8 19. Rfc1 Rf7 20. Ra4 Bb8 21. Nb4 a5 22. Nd3 Rd8 23. Qe1 g4 24. Nfe5 Ndxe5 25. dxe5 Bxe5 26. Nxe5 Nxe5 27. Bxb6 Re8 28. Bd4 Qf4 29. b3 h5 30. Bb2 Qg5 31. Rxa5 Rf5 32. Rxe5 Rxe5 33. Bxe5 Qxe5 34. Bc4 Qf5 35. a4 h4 36. Qe3 Kf7 37. Re1 h3 38. Qb6 Re7 39. a5 c5 40. Bxe6+ Ke8 41. Qxb7 1-0

[Event "Zhongshan zt 3.5 (Women)"]
[Site "Zhongshan"]
[Date "2015.07.06"]
[Round "7"]
[White "Xue, Yue"]
[Black "Bai, Xue"]
[Result "1/2-1/2"]
[WhiteElo "1889"]
[BlackElo "1616"]
[PlyCount "103"]
[EventDate "2015.06.30"]
[EventType "swiss"]
[EventRounds "11"]
[EventCountry "CHN"]
[SourceTitle "CBM 167 Extra"]
[Source "ChessBase"]
[SourceDate "2015.09.14"]
[SourceVersion "1"]
[SourceVersionDate "2015.09.14"]
[SourceQuality "1"]

1. e4 e5 2. Nf3 Nc6 3. Bb5 a6 4. Ba4 Nf6 5. d3 b5 6. Bb3 d6 7. c3 Bg4 8. h3 Bh5 9. Nbd2 Na5 10. Bc2 c5 11. Nf1 Nc6 12. Ng3 Bg6 13. 0-0 Be7 14. Re1 0-0 15. Nh4 a5 16. Nhf5 Re8 17. Qf3 h6 18. Bd2 Nh7 19. Rad1 Bg5 20. Bxg5 Nxg5 21. Qg4 Ne6 22. h4 Kh7 23. Re3 Nf4 24. h5 Bxf5 25. Nxf5 g6 26. hxg6+ fxg6 27. Nh4 h5 28. Qg3 Kh6 29. Rde1 a4 30. Bd1 Qg5 31. Qh2 Rg8 32. Rg3 Qf6 33. Rf3 b4 34. Kf1 Qe7 35. Rxf4 exf4 36. Bxh5 Qg5 37. Bf3 Kg7 38. e5 Nxe5 39. Bxa8 Rxa8 40. Nf3 Nxf3 41. gxf3 a3 42. bxa3 bxc3 43. Qh3 c2 44. Qd7+ Kh6 45. Rc1 Qh5 46. Kg2 Qg5+ 47. Kf1 Qf5 48. Qxd6 Rxa3 49. Rxc2 Qxd3+ 50. Qxd3 Rxd3 51. Rxc5 Ra3 52. Rc2 1/2-1/2